| 000 | 00890nam a22003017a 4500 | ||
|---|---|---|---|
| 001 | BR6002382 | ||
| 003 | BR-BrBNA | ||
| 005 | 20230928095612.0 | ||
| 007 | ta | ||
| 008 | 230509b bl.||||| |||| 00| 0 por d | ||
| 040 |
_aBR-BrBNA _bpor _cBiblioteca Nacional de Agricultura |
||
| 041 | _a(Por) | ||
| 072 |
_aL00; E30 _b5214 |
||
| 090 | _ 5214 BR6002382 | ||
| 110 | 1 |
_aPlano de Melhoramento da Alimentacao e do Manejo do Gado Leiteiro, Rio de Janeiro, GB (Brasil) _97815 |
|
| 245 | 1 | _aPlano de Melhoramento da Alimentacao e do Manejo do Gado Leiteiro. Projeto estadual Alagoas | |
| 260 | 3 |
_aRio de Janeiro, GB (Brasil): _c1969. |
|
| 300 | _a126 p. | ||
| 500 | _a48 tables | ||
| 650 | _aGado Leiteiro | ||
| 650 | _aManejo | ||
| 650 | _aNutricao Animal | ||
| 650 | _aLeite | ||
| 650 | _aLaticinio | ||
| 650 | _aAlagoas | ||
| 909 |
_a202309 _bLucia _c55 _dLucia Elande |
||
| 942 | _cBK | ||
| 999 |
_c57557 _d57557 |
||